[Event "VIII Festival A"]
[Site "Trieste ITA"]
[Date "2006.09.05"]
[Round "5"]
[White "Vitri, Sergio"]
[Black "Cadelli, Luciano"]
[Result "1-0"]
[WhiteElo "2105"]
[BlackElo "2088"]
[PlyCount "29"]
[EventDate "2006.09.02"]

1. d4 d5 2. c4 Nf6 3. cxd5 Nxd5 4. Nf3 e6 5. e4 Nf6 6. Nc3 c6 7. Bd3 Qb6 8. O-O
Na6 9. Qe2 Nc7 10. a3 Qa5 11. Bf4 Na6 12. d5 Nh5 13. Be3 Nf6 14. dxc6 bxc6 15.
b4 1-0

[Event "VIII Festival A"]
[Site "Trieste ITA"]
[Date "2006.09.05"]
[Round "5"]
[White "Znidarcic, Andrej"]
[Black "Mazi, Leon"]
[Result "1/2-1/2"]
[WhiteElo "2193"]
[BlackElo "2350"]
[PlyCount "108"]
[EventDate "2006.09.02"]

1. d4 Nf6 2. c4 d6 3. Nc3 e5 4. dxe5 dxe5 5. Qxd8+ Kxd8 6. Bg5 c6 7. Nf3 Nbd7
8. a3 Kc7 9. e3 Ne8 10. e4 a5 11. Be2 f6 12. Be3 Bc5 13. Bxc5 Nxc5 14. O-O a4
15. Rac1 Nd6 16. Nd2 Rd8 17. Rfd1 b6 18. f3 Be6 19. Na2 Ndb7 20. Nb4 Na5 21.
Kf2 Rd4 22. Ke1 Rad8 23. Rc3 Bf7 24. Nc2 R4d7 25. Ne3 Ne6 26. Ndf1 Nb3 27.
Rxd7+ Rxd7 28. Bd1 Nbc5 29. Bc2 Nf4 30. g3 Nfe6 31. Kf2 Ng5 32. h4 Nge6 33. Ke1
Nd8 34. Kf2 Ndb7 35. Ke2 Be6 36. Kf2 Rd4 37. Ke2 Na5 38. Nd2 Bc8 39. Ke1 Nab7
40. Ke2 Nd6 41. Bd3 Ba6 42. Nc2 Rxd3 43. Rxd3 Nxc4 44. Nb4 Bb5 45. Rc3 Nxb2+
46. Ke1 Kd6 47. Nf1 Nb3 48. Ne3 Nd4 49. Kd2 c5 50. Nbd5 Kc6 51. Ne7+ Kd7 52.
N7d5 Kc6 53. Ne7+ Kd7 54. N7d5 Kc6 1/2-1/2

[Event "VIII Festival A"]
[Site "Trieste ITA"]
[Date "2006.09.06"]
[Round "6"]
[White "Bevilacqua, Andrea"]
[Black "Spaan, Nathanael"]
[Result "0-1"]
[WhiteElo "2054"]
[BlackElo "2185"]
[PlyCount "86"]
[EventDate "2006.09.02"]

1. e4 c5 2. Nc3 Nc6 3. g3 g6 4. Bg2 Bg7 5. d3 d6 6. f4 Nf6 7. Nf3 O-O 8. O-O
Rb8 9. h3 b5 10. g4 b4 11. Ne2 Nd7 12. Kh1 a5 13. Rb1 a4 14. Be3 Bb7 15. h4 c4
16. d4 Na5 17. Nh2 b3 18. Nc3 f5 19. h5 bxa2 20. Ra1 fxe4 21. hxg6 hxg6 22. d5
a3 23. Rxa2 axb2 24. Nxe4 Ba8 25. Nd2 c3 26. Nb1 Nc4 27. Qd3 Nxe3 28. Qxe3 Nc5
29. f5 Qe8 30. Ra7 Rb7 31. Rxb7 Bxb7 32. Nxc3 gxf5 33. gxf5 Qh5 34. Bf3 Qh4 35.
Rg1 Rxf5 36. Ne2 Bxd5 37. Bxd5+ Rxd5 38. Nf4 Rg5 39. Ng2 Qg3 40. Qxg3 Rxg3 41.
Rb1 Ra3 42. Nf1 Ra1 43. Nd2 Ne4 0-1

[Event "VIII Festival A"]
[Site "Trieste ITA"]
[Date "2006.09.06"]
[Round "6"]
[White "Brunello, Roberta"]
[Black "Koster, Willem S."]
[Result "1/2-1/2"]
[WhiteElo "1863"]
[BlackElo "2202"]
[PlyCount "119"]
[EventDate "2006.09.02"]

1. e4 e5 2. Nf3 Nc6 3. d4 exd4 4. Nxd4 g6 5. Nc3 Bg7 6. Be3 Nge7 7. Bc4 O-O 8.
O-O a6 9. a4 Nb4 10. Bb3 d5 11. exd5 Nexd5 12. Nxd5 Nxd5 13. Qf3 Nxe3 14. fxe3
Kh8 15. Qd5 Qxd5 16. Bxd5 f5 17. c3 c6 18. Bb3 Re8 19. Rfe1 c5 20. Nf3 Be6 21.
Bc2 Bd5 22. Rad1 Bc6 23. Ng5 h6 24. Nf7+ Kh7 25. Nd6 Re7 26. e4 Be5 27. Kf1
Bxd6 28. Rxd6 fxe4 29. Re3 Rf8+ 30. Ke2 Rf4 31. Rg3 Be8 32. Bb3 g5 33. Bd5 Kg7
34. Rb6 Bxa4 35. b3 Be8 36. Rxb7 Rxb7 37. Bxb7 a5 38. Re3 Bh5+ 39. Ke1 Bg6 40.
Ke2 Kf6 41. g3 Bh5+ 42. Ke1 Rf3 43. Rxe4 Rxc3 44. Bd5 Bf7 45. Bxf7 Kxf7 46. Ra4
Rxb3 47. Rxa5 c4 48. Rc5 c3 49. Ke2 Rb2+ 50. Kd3 Rd2+ 51. Ke3 Rxh2 52. Rxc3 Ra2
53. Rc6 Kg7 54. Kf3 h5 55. Rb6 Ra5 56. Rc6 Rf5+ 57. Kg2 Rf6 58. Rc5 Kg6 59. Ra5
Re6 60. Kf3 1/2-1/2

[Event "VIII Festival A"]
[Site "Trieste ITA"]
[Date "2006.09.06"]
[Round "6"]
[White "Capaliku, Aleks"]
[Black "Keetbaas, Herman"]
[Result "1-0"]
[WhiteElo "2099"]
[BlackElo "2061"]
[PlyCount "45"]
[EventDate "2006.09.02"]

1. f4 Nf6 2. Nf3 g6 3. b3 Bg7 4. Bb2 O-O 5. e3 d5 6. d4 Bf5 7. Bd3 Nbd7 8. Qe2
c6 9. Nbd2 Qa5 10. O-O Rae8 11. Ne5 Qd8 12. g4 Nxe5 13. fxe5 Nxg4 14. Bxf5 gxf5
15. Rxf5 Nh6 16. Rh5 Kh8 17. Kh1 f5 18. Nf3 Rg8 19. Ng5 e6 20. Rg1 Bf8 21. Qg2
Rg6 22. Nf7+ Nxf7 23. Qxg6 1-0

[Event "VIII Festival A"]
[Site "Trieste ITA"]
[Date "2006.09.06"]
[Round "6"]
[White "Decleva, Gianni"]
[Black "Pelosin, Matteo"]
[Result "1/2-1/2"]
[WhiteElo "1895"]
[BlackElo "1798"]
[PlyCount "30"]
[EventDate "2006.09.02"]

1. e4 e6 2. d4 d5 3. Nd2 Nf6 4. e5 Nfd7 5. Ngf3 c5 6. dxc5 Nc6 7. Bb5 Bxc5 8.
Nb3 Be7 9. O-O O-O 10. Bf4 f6 11. Bxc6 bxc6 12. Nbd4 Nxe5 13. Bxe5 fxe5 14.
Nxc6 Qc7 15. Nxe7+ Qxe7 1/2-1/2

[Event "VIII Festival A"]
[Site "Trieste ITA"]
[Date "2006.09.06"]
[Round "6"]
[White "Heikkila, Antti"]
[Black "Znidarcic, Andrej"]
[Result "0-1"]
[WhiteElo "2088"]
[BlackElo "2193"]
[PlyCount "66"]
[EventDate "2006.09.02"]

1. c4 e6 2. Nf3 d5 3. e3 Nf6 4. b3 Bd6 5. Bb2 Nbd7 6. d4 c6 7. Bd3 Qe7 8. Ne5
Bb4+ 9. Nc3 Nxe5 10. dxe5 Nd7 11. f4 Qc5 12. O-O Qxe3+ 13. Kh1 Nc5 14. Rf3 Nxd3
15. Qxd3 Qxd3 16. Rxd3 Bd7 17. Rad1 O-O-O 18. Na4 dxc4 19. bxc4 c5 20. Rxd7
Rxd7 21. Rxd7 Kxd7 22. a3 Ba5 23. Nxc5+ Kc6 24. Ne4 Rd8 25. h4 h5 26. Nd6 Rd7
27. Kh2 Bb6 28. a4 Bc5 29. Ne4 Be7 30. g3 Rd3 31. Kg2 Re3 32. Nf2 Bc5 33. Kf1
Rf3 0-1

[Event "VIII Festival A"]
[Site "Trieste ITA"]
[Date "2006.09.06"]
[Round "6"]
[White "Korneev, Oleg"]
[Black "Burmakin, Vladimir"]
[Result "1/2-1/2"]
[WhiteElo "2638"]
[BlackElo "2558"]
[PlyCount "105"]
[EventDate "2006.09.02"]

1. e4 c6 2. c4 g6 3. Nc3 Bg7 4. d4 d6 5. Be3 Nf6 6. Be2 Qa5 7. Qd2 Ng4 8. Bxg4
Bxg4 9. f3 Be6 10. d5 cxd5 11. cxd5 Bd7 12. Nge2 O-O 13. Bd4 Na6 14. Bxg7 Kxg7
15. h4 h6 16. h5 g5 17. O-O Qb6+ 18. Kh2 Nc7 19. f4 f6 20. Nd4 Kh8 21. Rae1 Rf7
22. f5 Rff8 23. Rf3 a5 24. Nce2 a4 25. Ne6 Rg8 26. Qd4 Qxd4 27. N2xd4 Rgc8 28.
Rc3 Na6 29. Rec1 Rxc3 30. bxc3 Nc5 31. Nxc5 dxc5 32. Ne6 Bxe6 33. fxe6 b5 34.
a3 Rb8 35. Rb1 Kg7 36. g4 f5 37. exf5 Kf6 38. Re1 Rd8 39. Rb1 Rb8 40. Rd1 b4
41. cxb4 cxb4 42. axb4 Rxb4 43. Kg3 a3 44. d6 exd6 45. Rxd6 Ra4 46. Rd1 a2 47.
Ra1 Ra3+ 48. Kf2 Ke7 49. Ke1 Kf6 50. Kd1 Ra4 51. Ke1 Ke7 52. Kf2 Ra3 53. Kg2
1/2-1/2

[Event "VIII Festival A"]
[Site "Trieste ITA"]
[Date "2006.09.06"]
[Round "6"]
[White "Mazi, Leon"]
[Black "Veber, Bojan"]
[Result "1-0"]
[WhiteElo "2350"]
[BlackElo "2138"]
[PlyCount "54"]
[EventDate "2006.09.02"]

1. e4 d6 2. d4 Nf6 3. Nc3 g6 4. Be3 c6 5. Qd2 b5 6. Bd3 Nbd7 7. Nf3 Nb6 8. e5
Nfd5 9. exd6 Nxe3 10. Qxe3 e6 11. Ne5 Qxd6 12. Ne4 Qc7 13. Nf6+ Kd8 14. Qf3 Bb7
15. Ne4 f5 16. Ng5 Ke7 17. Qg3 Nd5 18. O-O-O Bg7 19. Rhe1 Bc8 20. h4 c5 21.
Bxb5 cxd4 22. Bc6 d3 23. Rxd3 f4 24. Qf3 Nb4 25. Qe4 Nxd3+ 26. Nxd3 e5 27. Bxa8
h6 1-0

[Event "VIII Festival A"]
[Site "Trieste ITA"]
[Date "2006.09.06"]
[Round "6"]
[White "Medancic, Rikard"]
[Black "Dzhumaev, Marat"]
[Result "0-1"]
[WhiteElo "2265"]
[BlackElo "2509"]
[PlyCount "54"]
[EventDate "2006.09.02"]

1. d4 f5 2. Bg5 h6 3. Bh4 g5 4. e3 Nf6 5. Bg3 Bg7 6. Bc4 d5 7. Bb3 Nc6 8. c3
Be6 9. Nd2 O-O 10. h4 g4 11. Ne2 Bf7 12. Qb1 Qd7 13. Nf4 e5 14. dxe5 Nxe5 15.
Nd3 Nxd3+ 16. Qxd3 Nh5 17. Nf1 c5 18. O-O-O Rad8 19. Bc2 Be6 20. Kb1 b5 21. Bf4
b4 22. cxb4 Nxf4 23. exf4 Rb8 24. Ne3 Rxb4 25. b3 Qf7 26. Kc1 Qf6 27. Qa6 Rxf4
0-1

[Event "VIII Festival A"]
[Site "Trieste ITA"]
[Date "2006.09.06"]
[Round "6"]
[White "Miele, Roberto"]
[Black "Plani, Andrea"]
[Result "0-1"]
[WhiteElo "1870"]
[BlackElo "1896"]
[PlyCount "64"]
[EventDate "2006.09.02"]

1. e4 c5 2. Nf3 e6 3. d4 cxd4 4. Nxd4 Nf6 5. Nc3 Nc6 6. Be3 a6 7. Be2 Bb4 8.
Nxc6 bxc6 9. Bf3 O-O 10. O-O d5 11. exd5 exd5 12. Bg5 Bd6 13. Qd4 Be7 14. Rfe1
Be6 15. Rad1 Rb8 16. b3 Nd7 17. Bxe7 Qxe7 18. Qa4 Qc5 19. Qd4 a5 20. Qxc5 Nxc5
21. a3 Bf5 22. Rd2 Rfe8 23. Rde2 Kf8 24. Nd1 Bxc2 25. Ne3 Bxb3 26. Rc1 Ne6 27.
Nf5 Ba4 28. g3 g6 29. Nh6 Kg7 30. Ng4 Nd4 31. Re3 Rxe3 32. Bd1 Re1+ 0-1

[Event "VIII Festival A"]
[Site "Trieste ITA"]
[Date "2006.09.06"]
[Round "6"]
[White "Mocchi, Tullio"]
[Black "Vitri, Sergio"]
[Result "1/2-1/2"]
[WhiteElo "2243"]
[BlackElo "2105"]
[PlyCount "124"]
[EventDate "2006.09.02"]

1. d4 Nf6 2. Nf3 c5 3. c3 Qc7 4. Bg5 Ne4 5. Bh4 d5 6. e3 Bg4 7. Be2 e6 8. Nbd2
Nxd2 9. Qxd2 Nd7 10. Bg3 Bd6 11. O-O O-O 12. Rfe1 Nf6 13. Bxd6 Qxd6 14. dxc5
Qxc5 15. Qd4 Qxd4 16. Nxd4 Bxe2 17. Rxe2 Rac8 18. a4 Ne4 19. f3 Nd6 20. e4 dxe4
21. fxe4 Rfd8 22. a5 Rc5 23. a6 b6 24. Nf3 Nb5 25. Rae1 Kf8 26. e5 Ke7 27. Re4
Nc7 28. Nd4 Ke8 29. Rf1 Rd7 30. Rh4 h6 31. Rg4 g6 32. Nf3 Nxa6 33. Rh4 h5 34.
g4 hxg4 35. Rxg4 Nb8 36. Rh4 Nc6 37. Re4 Rcd5 38. Rf2 b5 39. Kg2 a5 40. Kg3 Rc5
41. Kf4 f5 42. exf6 Rf5+ 43. Kg3 Rxf6 44. Rfe2 Ke7 45. Ng5 Nd8 46. Nf3 Rd5 47.
Re5 Kd6 48. Rxd5+ exd5 49. Nd4 Kc5 50. Re8 Rd6 51. Rxd8 Rxd8 52. Ne6+ Kc4 53.
Nxd8 Kb3 54. Nc6 Kxb2 55. Nxa5 Kxc3 56. Kf3 d4 57. Nb7 b4 58. Ke2 d3+ 59. Kd1
b3 60. Nc5 Kc4 61. Na4 Kb4 62. Nb2 Kc3 1/2-1/2

[Event "VIII Festival A"]
[Site "Trieste ITA"]
[Date "2006.09.06"]
[Round "6"]
[White "Omerzel, Nikola"]
[Black "Stantic, Severino"]
[Result "0-1"]
[WhiteElo "1789"]
[BlackElo "2051"]
[PlyCount "60"]
[EventDate "2006.09.02"]

1. e4 e5 2. Nf3 d6 3. Nc3 Nf6 4. d3 Be7 5. Be2 c6 6. O-O Nbd7 7. h3 Qc7 8. Nh2
d5 9. Ng4 Nxg4 10. Bxg4 Nf6 11. Bxc8 Rxc8 12. Bg5 Rd8 13. Bxf6 Bxf6 14. exd5
cxd5 15. Ne2 O-O 16. c3 Rd6 17. Ng3 Bd8 18. Qb3 Qd7 19. f4 Rg6 20. Rf3 Bh4 21.
Ne2 Rb6 22. Qc2 exf4 23. Kh2 g5 24. g3 fxg3+ 25. Nxg3 Qc7 26. Raf1 Rg6 27. Qg2
g4 28. hxg4 Rxg4 29. Kh1 Bxg3 30. Rxg3 Qxg3 0-1

[Event "VIII Festival A"]
[Site "Trieste ITA"]
[Date "2006.09.06"]
[Round "6"]
[White "Pregarac, Valter"]
[Black "Bosiocic, Marko"]
[Result "1-0"]
[WhiteElo "2058"]
[BlackElo "2104"]
[PlyCount "81"]
[EventDate "2006.09.02"]

1. d4 d5 2. c4 e6 3. Nc3 Be7 4. Nf3 Nf6 5. Bg5 Nbd7 6. e3 O-O 7. Rc1 c6 8. Bd3
Re8 9. O-O dxc4 10. Bxc4 Nd5 11. Bxe7 Qxe7 12. e4 Nxc3 13. Rxc3 e5 14. Re1 exd4
15. Nxd4 Ne5 16. Qe2 h6 17. Bb3 c5 18. Nc2 b6 19. Ne3 Be6 20. Bxe6 Qxe6 21. Nd5
Qc6 22. f4 Nd7 23. Qg4 Nf6 24. Nxf6+ Qxf6 25. e5 Qe6 26. f5 Qd5 27. Rce3 Qd4
28. Qg3 Rad8 29. b3 Rd5 30. Kh1 Kh7 31. h3 b5 32. Re4 Qd3 33. Qg4 c4 34. bxc4
bxc4 35. e6 Kh8 36. exf7 Rf8 37. Re8 Rd8 38. Rxf8+ Rxf8 39. Re8 Qd6 40. Rxf8+
Qxf8 41. Qxc4 1-0

[Event "VIII Festival A"]
[Site "Trieste ITA"]
[Date "2006.09.06"]
[Round "6"]
[White "Ramesa, Davor"]
[Black "Brunello, Sabino"]
[Result "1/2-1/2"]
[WhiteElo "2249"]
[BlackElo "2391"]
[PlyCount "98"]
[EventDate "2006.09.02"]

1. c4 Nf6 2. Nc3 e6 3. e4 d5 4. e5 d4 5. exf6 dxc3 6. bxc3 Qxf6 7. Nf3 c5 8. d4
cxd4 9. Bg5 Qf5 10. cxd4 Bb4+ 11. Bd2 Qa5 12. Rb1 Bxd2+ 13. Qxd2 Qxd2+ 14. Kxd2
b6 15. Ke3 Nd7 16. a4 Bb7 17. a5 Ke7 18. Be2 Rac8 19. Rhc1 Bxf3 20. Bxf3 e5 21.
dxe5 Nxe5 22. Bd5 Rhd8 23. axb6 axb6 24. Kd4 Nd7 25. Rc3 Nf6 26. Re3+ Kf8 27.
Re5 Rd6 28. h3 Nxd5 29. Rxd5 Rf6 30. f3 Rf4+ 31. Ke3 Rfxc4 32. Rxb6 Rc2 33. Rd2
Re8+ 34. Kd3 Rc1 35. Rb4 Ra1 36. Re4 Rd8+ 37. Rd4 Re8 38. Re4 Ra3+ 39. Ke2
Rxe4+ 40. fxe4 Ke7 41. Rb2 h5 42. Rb7+ Kf6 43. Rb6+ Kg5 44. Rb7 Kg6 45. Rb6+
Kg5 46. Rb7 Kf6 47. Rb6+ Ke5 48. Rb7 Kxe4 49. Re7+ Kf5 1/2-1/2

[Event "VIII Festival A"]
[Site "Trieste ITA"]
[Date "2006.09.06"]
[Round "6"]
[White "Rombaldoni, Axel"]
[Black "Cozzarin, Davide"]
[Result "0-1"]
[WhiteElo "2169"]
[BlackElo "2062"]
[PlyCount "56"]
[EventDate "2006.09.02"]

1. e4 e6 2. d4 d5 3. Nc3 Nf6 4. Bg5 Be7 5. e5 Nfd7 6. h4 c5 7. Nb5 f6 8. exf6
Nxf6 9. Bxf6 Bxf6 10. Qh5+ g6 11. Qh6 a6 12. h5 axb5 13. hxg6 Qe7 14. Nf3 hxg6
15. Qxg6+ Qf7 16. Rxh8+ Bxh8 17. Qg3 c4 18. Be2 Bf6 19. O-O-O Kd7 20. Qf4 Qg7
21. g4 Nc6 22. g5 Be7 23. Kb1 Bd6 24. Qe3 Kc7 25. Rg1 Bd7 26. c3 b4 27. cxb4
Nxb4 28. a3 Qg6+ 0-1

[Event "VIII Festival A"]
[Site "Trieste ITA"]
[Date "2006.09.06"]
[Round "6"]
[White "Rombaldoni, Denis"]
[Black "Skok, Joze"]
[Result "1-0"]
[WhiteElo "2348"]
[BlackElo "2110"]
[PlyCount "81"]
[EventDate "2006.09.02"]

1. d4 Nf6 2. c4 g6 3. Nc3 d5 4. h4 c6 5. Bg5 Bg7 6. e3 h6 7. Bxf6 Bxf6 8. cxd5
cxd5 9. Rc1 Nc6 10. h5 g5 11. Bd3 Be6 12. Nge2 Kf8 13. f3 Rc8 14. Kf2 Kg7 15.
Bb1 Qd7 16. g4 b6 17. Ng3 Kf8 18. Qd3 Nb4 19. Qe2 Nc6 20. Bd3 Na5 21. Ba6 Rc7
22. Nb5 Rc4 23. b3 Rxc1 24. Rxc1 Nc6 25. a3 Kg7 26. Qd3 Rd8 27. b4 Kh8 28. Nc3
Nb8 29. Bb5 Qb7 30. Ba4 Kg7 31. Nb5 Nc6 32. Nc7 Qxc7 33. Rxc6 Qb7 34. Rxe6 fxe6
35. Qg6+ Kf8 36. Qxh6+ Bg7 37. Qxg5 b5 38. h6 Bf6 39. Qg6 bxa4 40. h7 Bg7 41.
Nh5 1-0

[Event "VIII Festival A"]
[Site "Trieste ITA"]
[Date "2006.09.06"]
[Round "6"]
[White "Stocek, Jiri"]
[Black "Pavasovic, Dusko"]
[Result "1/2-1/2"]
[WhiteElo "2561"]
[BlackElo "2564"]
[PlyCount "33"]
[EventDate "2006.09.02"]

1. e4 e5 2. Bc4 Nf6 3. d3 Nc6 4. Nc3 Na5 5. Nge2 c6 6. O-O b5 7. Bb3 b4 8. Na4
Nxb3 9. cxb3 d6 10. f4 exf4 11. Bxf4 Be7 12. Rc1 Bd7 13. Ng3 O-O 14. d4 Rb8 15.
h3 Rb5 16. Qf3 Qa8 17. Rc2 1/2-1/2

[Event "VIII Festival A"]
[Site "Trieste ITA"]
[Date "2006.09.06"]
[Round "6"]
[White "Varini, Massimo"]
[Black "Van Dongen, Leo"]
[Result "1-0"]
[WhiteElo "2053"]
[BlackElo "1854"]
[PlyCount "69"]
[EventDate "2006.09.02"]

1. d4 Nf6 2. c4 c5 3. d5 d6 4. Nc3 g6 5. e4 Bg7 6. h3 O-O 7. Nf3 e6 8. Bd3 exd5
9. cxd5 a6 10. a4 Re8 11. O-O Nbd7 12. Bf4 Qc7 13. Nd2 Ne5 14. Be2 Rb8 15. Bh2
c4 16. a5 b5 17. axb6 Rxb6 18. Bxe5 dxe5 19. Nxc4 Rb4 20. Ra4 Bf8 21. Rxb4 Bxb4
22. Qa4 Qb7 23. Ra1 Kf8 24. Nd2 a5 25. Bb5 Rd8 26. Bc6 Qa6 27. Qb5 Qxb5 28.
Bxb5 Bxc3 29. bxc3 Nxd5 30. exd5 Rxd5 31. Rxa5 Bxh3 32. gxh3 Rxd2 33. c4 f5 34.
Ra7 h5 35. c5 1-0

[Event "VIII Festival A"]
[Site "Trieste ITA"]
[Date "2006.09.07"]
[Round "7"]
[White "Bosiocic, Marko"]
[Black "Brunello, Roberta"]
[Result "1-0"]
[WhiteElo "2104"]
[BlackElo "1863"]
[PlyCount "63"]
[EventDate "2006.09.02"]

1. d4 d5 2. Nf3 Nf6 3. e3 e6 4. Bd3 Bd6 5. O-O O-O 6. b3 Nbd7 7. Bb2 Re8 8. Ne5
c5 9. Nd2 b6 10. c4 Bb7 11. Qc2 Rc8 12. Nxd7 Qxd7 13. dxc5 dxc4 14. Nxc4 Rxc5
15. Bxf6 gxf6 16. Bxh7+ Kh8 17. Rfd1 Qc7 18. Rxd6 Rxc4 19. Qxc4 Qxd6 20. Qh4
Kg7 21. Bc2 Qc6 22. Qh7+ Kf8 23. f3 Qc3 24. Rd1 Qxe3+ 25. Kh1 Rc8 26. h4 f5 27.
Rd7 Qe1+ 28. Kh2 Qe5+ 29. Kh3 Qf6 30. Rxb7 Rxc2 31. Rb8+ Ke7 32. Qg8 1-0

[Event "VIII Festival A"]
[Site "Trieste ITA"]
[Date "2006.09.07"]
[Round "7"]
[White "Brunello, Sabino"]
[Black "Korneev, Oleg"]
[Result "0-1"]
[WhiteElo "2391"]
[BlackElo "2638"]
[PlyCount "66"]
[EventDate "2006.09.02"]

1. e4 c5 2. Nf3 e6 3. d4 cxd4 4. Nxd4 a6 5. Nc3 Qc7 6. Bd3 Nc6 7. Nxc6 dxc6 8.
O-O e5 9. f4 Nf6 10. Kh1 Bc5 11. f5 h5 12. Qf3 b5 13. a4 b4 14. Nd1 Bb7 15. Be3
Bxe3 16. Nxe3 c5 17. c4 bxc3 18. bxc3 Rd8 19. Nc4 O-O 20. Bc2 a5 21. Rfd1 Rxd1+
22. Rxd1 Rd8 23. Rxd8+ Qxd8 24. h3 Qc7 25. Qg3 Bxe4 26. Bxe4 Nxe4 27. Qf3 Qb7
28. Nxe5 Qd5 29. Qf4 Nxc3 30. f6 Ne2 31. Qe3 gxf6 32. Nxf7 Qd1+ 33. Kh2 Kxf7
0-1

[Event "VIII Festival A"]
[Site "Trieste ITA"]
[Date "2006.09.07"]
[Round "7"]
[White "Burmakin, Vladimir"]
[Black "Stocek, Jiri"]
[Result "1/2-1/2"]
[WhiteElo "2558"]
[BlackElo "2561"]
[PlyCount "97"]
[EventDate "2006.09.02"]

1. d4 Nf6 2. Nf3 e6 3. c4 Bb4+ 4. Bd2 a5 5. g3 d6 6. Bg2 Nbd7 7. O-O e5 8. Nc3
c6 9. Qc2 O-O 10. a3 Bxc3 11. Bxc3 e4 12. Nd2 d5 13. b4 Re8 14. e3 h5 15. bxa5
h4 16. Bb4 hxg3 17. fxg3 Ng4 18. Qb3 Ndf6 19. Rfe1 Nh7 20. cxd5 cxd5 21. Rac1
Ng5 22. Rf1 Ra6 23. h3 Nh6 24. h4 Nh7 25. Rc5 Nf6 26. Rfc1 Qd7 27. Qc2 Ra8 28.
Nf1 Qg4 29. Qf2 Nf5 30. Be1 Be6 31. Rb1 Re7 32. Rc2 Rc8 33. Rxc8+ Bxc8 34. Rc1
Be6 35. Nh2 Qg6 36. Rc3 Ng4 37. Nxg4 Qxg4 38. Rc1 Re8 39. Kh2 Nh6 40. Bb4 Rc8
41. Bc5 Rc6 42. Re1 Bc8 43. Qf4 Qd7 44. Kg1 Kh7 45. Rf1 Rf6 46. Qg5 Rg6 47. Qf4
Rf6 48. Qg5 Rg6 49. Qf4 1/2-1/2

[Event "VIII Festival A"]
[Site "Trieste ITA"]
[Date "2006.09.07"]
[Round "7"]
[White "Cozzarin, Davide"]
[Black "Skok, Joze"]
[Result "1-0"]
[WhiteElo "2062"]
[BlackElo "2110"]
[PlyCount "111"]
[EventDate "2006.09.02"]

1. d4 Nf6 2. c4 g6 3. Nc3 d5 4. cxd5 Nxd5 5. e4 Nxc3 6. bxc3 c5 7. Bc4 Bg7 8.
Be3 Nc6 9. Ne2 cxd4 10. cxd4 Qa5+ 11. Kf1 O-O 12. Rc1 Bg4 13. f3 Bd7 14. h4 h5
15. Nf4 Kh7 16. e5 Rad8 17. Qb3 Bh6 18. Rd1 Nxe5 19. Bd2 Qc7 20. dxe5 Qxe5 21.
Nd3 Qd4 22. Bxh6 Kxh6 23. Nf2 Qf4 24. Re1 Rc8 25. Bd5 Rc1 26. Rxc1 Qxc1+ 27.
Ke2 Qc7 28. Rd1 a6 29. Kf1 Qh2 30. Bc4 Bc6 31. Qe3+ Kg7 32. Qxe7 Qf4 33. Bb3
Re8 34. Qg5 Qh2 35. a4 Re5 36. Qd8 Re8 37. Qd4+ f6 38. Bd5 Rd8 39. Qc4 Be8 40.
Qe4 Qc7 41. Bxb7 Rxd1+ 42. Nxd1 Qc1 43. Ke2 Bf7 44. Bxa6 Qc7 45. Bb5 Bb3 46.
Ne3 Qc3 47. Kf2 Qd2+ 48. Kg1 Qe1+ 49. Kh2 Qc3 50. Nd5 Bxd5 51. Qxd5 Qe1 52. Qe4
Qc3 53. Bc4 Qb4 54. Qd5 Qb8+ 55. Kh3 Kh6 56. Qg8 1-0

[Event "VIII Festival A"]
[Site "Trieste ITA"]
[Date "2006.09.07"]
[Round "7"]
[White "Dzhumaev, Marat"]
[Black "Efimov, Igor"]
[Result "0-1"]
[WhiteElo "2509"]
[BlackElo "2439"]
[PlyCount "70"]
[EventDate "2006.09.02"]

1. e4 c6 2. d4 d5 3. e5 Bf5 4. Nc3 e6 5. g4 Bg6 6. Nge2 c5 7. Be3 Nc6 8. dxc5
Nxe5 9. Nf4 a6 10. Qe2 Nf6 11. O-O-O Be7 12. f3 Nfd7 13. Bd4 Nc6 14. Bxg7 Rg8
15. Bh6 Qa5 16. h4 d4 17. h5 dxc3 18. hxg6 hxg6 19. Nxe6 Qxa2 20. Nc7+ Kd8 21.
bxc3 Kxc7 22. Bf4+ Kc8 23. g5 Nxc5 24. Bh3+ Ne6 25. Rd3 Re8 26. Rhd1 Na5 27.
Kd2 Qc4 28. Qe5 Bd8 29. Rd5 Bc7 30. Rc5 Kb8 31. Qxc7+ Nxc7 32. Bxc7+ Ka7 33.
Rxc4 Nxc4+ 34. Kc1 Re3 35. Bh2 Rh8 0-1

[Event "VIII Festival A"]
[Site "Trieste ITA"]
[Date "2006.09.07"]
[Round "7"]
[White "Fantini, Marco"]
[Black "Varini, Massimo"]
[Result "0-1"]
[WhiteElo "2053"]
[BlackElo "2053"]
[PlyCount "62"]
[EventDate "2006.09.02"]

1. d4 Nf6 2. Nc3 e6 3. Bg5 d5 4. e4 dxe4 5. Nxe4 Be7 6. Bxf6 gxf6 7. Nf3 b6 8.
Bb5+ c6 9. Bd3 Bb7 10. Qd2 h5 11. O-O-O Nd7 12. h4 Qc7 13. Rhe1 O-O-O 14. g3 c5
15. Qc3 cxd4 16. Qxc7+ Kxc7 17. Nxd4 Ne5 18. Nb5+ Kb8 19. Bf1 Rxd1+ 20. Kxd1
Rd8+ 21. Kc1 Nf3 22. Re3 f5 23. Rxf3 Bxe4 24. Rb3 Bc5 25. f3 Bd5 26. Rd3 Rg8
27. b3 Rxg3 28. c4 Rxf3 29. cxd5 Rxf1+ 30. Kd2 a6 31. Nc3 e5 0-1

[Event "VIII Festival A"]
[Site "Trieste ITA"]
[Date "2006.09.07"]
[Round "7"]
[White "Keetbaas, Herman"]
[Black "Miele, Roberto"]
[Result "0-1"]
[WhiteElo "2061"]
[BlackElo "1870"]
[PlyCount "32"]
[EventDate "2006.09.02"]

1. e4 e5 2. Nf3 Nc6 3. Bb5 Nf6 4. O-O Be7 5. Re1 d6 6. Bxc6+ bxc6 7. d4 exd4 8.
Qxd4 O-O 9. a3 Bb7 10. Nbd2 Re8 11. Qb4 Rb8 12. Qa4 a6 13. b3 Nd7 14. Bb2 Bf6
15. Bxf6 Qxf6 16. Nd4 Nb6 0-1

[Event "VIII Festival A"]
[Site "Trieste ITA"]
[Date "2006.09.07"]
[Round "7"]
[White "Koster, Willem S."]
[Black "Capaliku, Aleks"]
[Result "1-0"]
[WhiteElo "2202"]
[BlackElo "2099"]
[PlyCount "81"]
[EventDate "2006.09.02"]

1. e4 e5 2. Nf3 Nc6 3. d4 exd4 4. Nxd4 Bc5 5. Be3 Qf6 6. c3 Nge7 7. Bc4 a6 8.
O-O O-O 9. f4 d6 10. Qd2 h6 11. Na3 b5 12. Nxc6 bxc4 13. Nxe7+ Qxe7 14. Bxc5
dxc5 15. Rae1 Bb7 16. Nxc4 a5 17. Ne5 Rfd8 18. Qe3 f6 19. Ng6 Qf7 20. f5 Re8
21. Qxc5 Qxa2 22. Qxc7 Qf7 23. Qxf7+ Kxf7 24. e5 Rad8 25. e6+ Kg8 26. Rd1 Be4
27. g4 h5 28. h3 Rb8 29. Rd2 a4 30. Kf2 a3 31. bxa3 Rb3 32. Re1 Bc6 33. Re3
Rxa3 34. Red3 Bb5 35. Rd8 Ra8 36. Rxa8 Rxa8 37. Ke3 Bf1 38. Nf4 Kh7 39. Nxh5
Kh6 40. Rd7 Bxh3 41. Nxg7 1-0

[Event "VIII Festival A"]
[Site "Trieste ITA"]
[Date "2006.09.07"]
[Round "7"]
[White "Pavasovic, Dusko"]
[Black "Tratar, Marko"]
[Result "1/2-1/2"]
[WhiteElo "2564"]
[BlackElo "2503"]
[PlyCount "101"]
[EventDate "2006.09.02"]

1. e4 e6 2. d4 d5 3. Nd2 dxe4 4. Nxe4 Nd7 5. Nf3 Ngf6 6. Nxf6+ Nxf6 7. Be3 Bd6
8. Bd3 b6 9. Ne5 Bb7 10. Bb5+ Kf8 11. O-O Bxe5 12. dxe5 Qd5 13. Qxd5 Nxd5 14.
Bd2 a5 15. Rfd1 h6 16. c4 Ne7 17. c5 Nd5 18. Be2 Ke7 19. Bf3 Bc6 20. cxb6 cxb6
21. Rdc1 Rhc8 22. Be3 Rab8 23. Bxd5 Bxd5 24. Rxc8 Rxc8 25. Bxb6 a4 26. h3 Ke8
27. Bd4 Rc4 28. Rd1 Rc2 29. a3 Bb3 30. Bb6 Bd5 31. Bd4 Bb3 32. Rd3 Rc1+ 33. Kh2
Rd1 34. Rxd1 Bxd1 35. Bc5 h5 36. Kg3 f6 37. Bd4 Kf7 38. h4 Bb3 39. exf6 gxf6
40. Bc3 e5 41. f4 Ke6 42. fxe5 fxe5 43. Kf2 Kf5 44. Ke3 Bd5 45. g3 Bb3 46. Ba5
Kg4 47. Be1 Bd5 48. Kf2 Kf5 49. Ke3 Kg4 50. Kf2 Kf5 51. Ke3 1/2-1/2

[Event "VIII Festival A"]
[Site "Trieste ITA"]
[Date "2006.09.07"]
[Round "7"]
[White "Plani, Andrea"]
[Black "Cadelli, Luciano"]
[Result "1/2-1/2"]
[WhiteElo "1896"]
[BlackElo "2088"]
[PlyCount "50"]
[EventDate "2006.09.02"]

1. c4 c5 2. Nf3 Nf6 3. e3 e6 4. d4 d5 5. Nc3 Nc6 6. a3 a6 7. dxc5 Bxc5 8. b4
Be7 9. Bb2 dxc4 10. Bxc4 b5 11. Qxd8+ Bxd8 12. Bd3 O-O 13. Ne4 Bd7 14. O-O Nxe4
15. Bxe4 f5 16. Bc2 Bf6 17. Bxf6 gxf6 18. Rfd1 Ra7 19. Bb3 Kf7 20. Rac1 Ke7 21.
Ne1 a5 22. Nd3 axb4 23. axb4 Rd8 24. h4 Be8 25. Nc5 Rxd1+ 1/2-1/2